[Event "Mexico City Garritas-A 02nd"]
[Site "Mexico City"]
[Date "2014.02.25"]
[Round "3"]
[White "Enriquez Michel, Renato"]
[Black "Lopez Raygoza, Luis Alberto"]
[Result "1/2-1/2"]
[WhiteElo "1922"]
[BlackElo "2081"]
[PlyCount "103"]
[EventDate "2014.02.24"]
[EventType "tourn"]
[EventRounds "5"]
[EventCountry "MEX"]
[SourceTitle "EXT 2018"]
[Source "ChessBase"]
[SourceDate "2017.10.13"]
[SourceVersion "1"]
[SourceVersionDate "2017.10.13"]
[SourceQuality "1"]

1. e4 c5 2. c3 d5 3. exd5 Qxd5 4. d4 g6 5. Nf3 Bg7 6. Na3 cxd4 7. Bc4 Qe4+ 8. Be3 Nh6 9. Nb5 0-0 10. Nbxd4 Nc6 11. Qd3 Qxd3 12. Bxd3 Bd7 13. h3 e5 14. Nb3 Nf5 15. Bc5 Rfe8 16. 0-0-0 Rad8 17. g4 Nfe7 18. Ng5 b6 19. Bc4 Rf8 20. Bxe7 Nxe7 21. Nxf7 Rxf7 22. Rd3 e4 23. Rdd1 Nc6 24. Rhe1 Kf8 25. Bxf7 Kxf7 26. Rxe4 Be6 27. Rxd8 Nxd8 28. Nd4 Bd5 29. Re1 Bxa2 30. Nb5 Ne6 31. Nxa7 Nc5 32. Kc2 Bc4 33. Nc8 Bd3+ 34. Kd1 Ne4 35. Rxe4 Bxe4 36. Nd6+ Ke6 37. Nxe4 Ke5 38. f3 Kf4 39. Ke2 Be5 40. h4 h6 41. h5 gxh5 42. gxh5 b5 43. b3 Bc7 44. c4 bxc4 45. bxc4 Ba5 46. c5 Bd8 47. Nd6 Bc7 48. Ne4 Bd8 49. Nd6 Be7 50. Nb7 Ke5 51. Nd6 Kf4 52. Ne4 1/2-1/2

[Event "Mexico City Coyoacan 4th"]
[Site "Mexico City"]
[Date "2013.11.10"]
[Round "4"]
[White "Enriquez Michel, Renato"]
[Black "Luna Javier, Edgar Froylan"]
[Result "1-0"]
[WhiteElo "1911"]
[BlackElo "1863"]
[PlyCount "41"]
[EventDate "2013.11.08"]
[EventType "tourn"]
[EventRounds "6"]
[EventCountry "MEX"]
[SourceTitle "EXT 2018"]
[Source "ChessBase"]
[SourceDate "2017.10.13"]
[SourceVersion "1"]
[SourceVersionDate "2017.10.13"]
[SourceQuality "1"]

1. e4 c5 2. d4 cxd4 3. c3 d5 4. exd5 Qxd5 5. cxd4 Nc6 6. Nf3 Bg4 7. Be2 0-0-0 8. Nc3 Qa5 9. Be3 Qb4 10. 0-0 e6 11. Ne5 Nxe5 12. Bxg4 Nf6 13. a3 Qe7 14. Rc1 Nc6 15. d5 Nxd5 16. Nxd5 Rxd5 17. Qxd5 f5 18. Rxc6+ bxc6 19. Qxc6+ Kb8 20. Rc1 Qd8 21. Bf4+ 1-0

[Event "Mexico City Coyoacan 4th"]
[Site "Mexico City"]
[Date "2013.11.09"]
[Round "3"]
[White "Sandoval Mercado, Carlos"]
[Black "Enriquez Michel, Renato"]
[Result "1-0"]
[WhiteElo "1887"]
[BlackElo "1911"]
[PlyCount "103"]
[EventDate "2013.11.08"]
[EventType "tourn"]
[EventRounds "6"]
[EventCountry "MEX"]
[SourceTitle "EXT 2018"]
[Source "ChessBase"]
[SourceDate "2017.10.13"]
[SourceVersion "1"]
[SourceVersionDate "2017.10.13"]
[SourceQuality "1"]

1. e4 e5 2. Nc3 Bc5 3. g3 d6 4. Bg2 Nc6 5. Nge2 f5 6. d3 Nf6 7. 0-0 0-0 8. Na4 Bb6 9. Nxb6 axb6 10. f4 fxe4 11. dxe4 Bg4 12. c3 Qe8 13. h3 Bxe2 14. Qxe2 Nh5 15. Kh2 Qg6 16. Qg4 Qxg4 17. hxg4 Nf6 18. g5 Nd7 19. b4 b5 20. Bh3 Nb6 21. Be6+ Kh8 22. f5 Nc4 23. g6 Nd8 24. Bxc4 bxc4 25. gxh7 b5 26. g4 Kxh7 27. g5 Nc6 28. g6+ Kg8 29. Rf3 Ne7 30. Rh3 d5 31. Bg5 Nxf5 32. exf5 Rxf5 33. Be3 Rf6 34. Rh5 Ra3 35. Rxe5 Rxc3 36. Re8+ Rf8 37. Rxf8+ Kxf8 38. Bc5+ Ke8 39. Re1+ Kd7 40. Re7+ Kc6 41. Rxg7 Rc2+ 42. Kh3 Rxa2 43. Rxc7+ Kxc7 44. g7 Ra8 45. Bf8 Ra3+ 46. Kh2 Ra2+ 47. Kh1 Ra1+ 48. Kg2 Ra2+ 49. Kf3 Ra3+ 50. Kf4 c3 51. g8Q c2 52. Qh7+ 1-0